| 000 | 00477nam a2200181 a 4500 | ||
|---|---|---|---|
| 001 | 257 | ||
| 003 | CO-ViMGA | ||
| 008 | 141112s2004 ck r 000 u spa d | ||
| 040 |
_aCO-ViMGA _bspa _cCO-ViMGA |
||
| 082 | 0 | 4 | _aINK |
| 100 | 1 |
_aInkiow, Dimiter _93980 |
|
| 245 | 1 | 0 |
_aYo y mi hermana Clara / _cDimiter Inkiow |
| 260 |
_aSantafé de Bogotá : _bNorma, _c1997 |
||
| 300 | _a103 p : il | ||
| 490 | 0 | _aTorre de papel | |
| 650 | 1 | 4 |
_aCUENTOS INFANTILES _92743 |
| 942 |
_2ddc _cBK |
||
| 999 |
_c10118 _d10118 |
||